Famous People from the 3rd Century BC - Statistics

General Stats
  • This quiz has been taken 47 times
  • The average score is 6 of 15
Answer Stats
Hint Answer % Correct
Carthaginian general, who launched an invasion of Italy in the 2. Punic War Hannibal Barca
89%
Syracusian mathematician and Inventor, explained the lever and hydrostatics Archimedes
74%
King of Egypt, who build the Libary of Alexandria Ptolemy II
60%
Mathematician and author of the Elements Euclid
57%
Defeated Carthago in the 2. Punic War at Zama Scipio Africanus
57%
United the Warring States and gave China its name Qin Shi Huang
51%
Conservative roman politician, "Carthago delenda est" Cato the Elder
46%
Mauryan emperor, who established Buddhism in his realm Ashoka
40%
Ambitius king of Epirus, known for costly victories Pyrrhus
40%
Leader of the Carthaginian armies in the 1. Punic War, important father Hamilcar Barca
23%
Roman playwright, wrote Palliata comoedia Titus Maccius Plautus
14%
First person to calculate the circumference of the earth (quite accurately) Eratosthenes
11%
First sceptic philosopher Pyrrho
9%
First emperor of the Han Dynasty Gaozu of Han
6%
First astronomer to propose a heliocentric cosmos Aristarchus of Samos
3%
No matching quizzes found
Score Distribution
Percent of People with Each Score
Percentile by Number Answered
Your Score History
You have not taken this quiz